Statistiche per Riconosci la Provincia - Quiz n°102

Clicka qui per fare il quiz!

Statistiche generali

  • Questo quiz è stato fatto 7 volte
  • Il punteggio medio è 7 su 8

Statistiche sulle risposte

IndizioRisposta% Corretto
Prefisso / Prefissi040
100%
PresidentePaolo Viola (commissario straordinario)
100%
Superficie212,51 km²
86%
Popolazione228 395 ab.
86%
Numero comuni6
86%
Numero province confinanti1
71%
Coordinate
del capoluogo
45°39′15.26″N 13°46′28.45″E
71%
ProvinciaTrieste
71%

Distribuzione punteggi

Percentile per numero di risposta

Percentuale di utenti per punteggio

I tuoi punteggi nel tempo

Non hai fatto questo quiz